Major Triads Quiz - Statistics

General Stats
  • This quiz has been taken 13 times
  • The average score is 13 of 21
Answer Stats
Answer % Correct
A
100%
A
67%
A
67%
B
67%
B
67%
C♯
67%
C
67%
D♯
67%
D
67%
E
67%
E
67%
E
67%
F♯
67%
F♯
67%
F
67%
G
67%
G♯
67%
B
33%
C
33%
D
33%
G
33%
No matching quizzes found
Score Distribution
Percent of People with Each Score
Percentile by Number Answered
Your Score History
You have not taken this quiz